Biblioteca

Don Quijote de la Mancha / Miguel de Cervantes ; selección y adaptación León Arsenal ; ilustraiones Ricardo Sánchez (Registro nro. 49117)

Detalles MARC
000 -LÍDER
Campo fijo de descripción fija 005660000a22001930004500
001 - NÚMERO DE CONTROL
Campo de control 1967
003 - IDENTIFICADOR DEL NÚMERO DE CONTROL
Campo de control CO-MdFUSB
005 - FECHA Y HORA DE LA ULTIMA TRANSACCIÓN
control field 20170818164358.0
008 - ELEMENTOS DE LONGITUD FIJA -- INFORMACIÓN GENERAL
Campo fijo de descripción fija -- Información general 170818b xxu||||| |||| 00| 0 eng d
020 ## - NÚMERO INTERNACIONAL NORMALIZADO PARA LIBROS
Número Internacional Normalizado del libro 978-84-414-1958-2
040 ## - FUENTE DE CATALOGACIÓN
Agencia que realiza la transcripción CO-MdBIC
082 04 - NÚMERO DE CLASIFICACIÓN DECIMAL DEWEY
Número de clasificación 863N Ar72d
100 1# - ASIENTO PRINCIPAL--NOMBRE PERSONAL
Nombre personal de Cervantes, Miguel
245 10 - TÍTULO
Título del Material Don Quijote de la Mancha / Miguel de Cervantes ; selección y adaptación León Arsenal ; ilustraiones Ricardo Sánchez
260 ## - PUBLICACIÓN, DISTRIBUCIÓN, ETC. (PIE DE IMPRENTA)
Lugar de publicación, distribución, etc. Madrid : EDAF, S.L.
300 ## - DESCRIPCIÓN FÍSICA
Extensión 137 P.
650 14 - ASIENTO SECUNDARIO DE MATERIA - TERMINO TEMÁTICO
Término temático o nombre geográfico como elemento de entrada Novela española \ Cuentos Clasicos
942 ## - TIPO DE MATERIAL (KOHA)
Tipo de Item KOHA Z- Libro General BINCO
Existencias
Estado de Material Estado de Perdido Forma de Clasificación Volumen-Parte/Tomo Estado de Dañado No para Préstamo Tomo Biblioteca de Origen Biblioteca Permanente Fecha de Adquisición Total de Préstamos Total de Renovaciones Signatura Topográfica Código de Barras Última vez visto Última vez Préstado Ejemplar/Existencia Fecha de Remplazo Tipo de Material
    Dewey Decimal Classification         Biblioteca Infantil Comunitaria BINCO Biblioteca Infantil Comunitaria BINCO 16/06/2009 3 1 863N Ar72d B32573 09/05/2022 22/04/2022 1 26/01/2016 Z- Libro General BINCO

Biblioteca FUSBC | Teléfono: (57+4) 349 88 10 Ext. 141| WhatsApp (+57) 3005338115 
E-mail: biblioteca@unisbc.edu.co | Calle 76 87-14 Robledo Palenque, Medellín, Colombia

Con tecnología Koha